| 000 | 00465nam a22001937a 4500 | ||
|---|---|---|---|
| 003 | MPLRDC | ||
| 005 | 20220104144042.0 | ||
| 008 | 210129b ||||| |||| 00| 0 eng d | ||
| 020 | _a957-615-266-6 | ||
| 082 | _a137.1 AX-7 | ||
| 100 | _aMASTER OSHO 奥修大师 | ||
| 245 |
_a即刻拥有 _c |
||
| 250 | _a初版 | ||
| 260 |
_a _b探索出版社 _c2000 |
||
| 300 | _b平 | ||
| 490 | _a心露探索 | ||
| 650 | _a印度哲学泛论 | ||
| 942 |
_cBK _o137.1 AX-7 |
||
| 999 |
_c45925 _d45915 |
||